000 00737nam a2200181 a 4500
008 210209s1994 ||||||||||||||||| || u
020 _a9780135564585
050 _aTA 190 Sht
100 _aGloberson, Shlomo
245 1 0 _aProject management : engineering, technology, and implementation
_cBy Avraham Shtub; Jonathan F. Bard; Shlomo Globerson
260 _aNew Jersey
_bPrentice-Hall
_c1994
300 _axxii, 634pages : illustrations
650 0 _aPROJECT MANAGEMENT
650 _aENGINEERING -- MANAGEMENT
700 _aShtub, Avraham
700 _aBard, Jonathan F
995 _D41.08
_FCBU-MAIN LIBRARY (Kitwe)
_M1
_UAVAILABLE
_WFeb 16, 2021
_ZMain Library Open Access Collection
999 _c55047
_d55047